000
00275nam a2200109Ia 4500
001
588591
005
20250717120835.0
008
250717s9999 xx 000 0 und d
245
0
_a
V-4 ÖĞÜTÜCÜ KARINCA
_c
ZEYNEP YEŞİLMEN
260
_b
ERDEM YAYINLARI
_c
2019
300
_b
95
999
_c
588591
_d
588591